แสดงรายละเอียดบรรณานุกรม
  กลับหน้าหลัก

Brief Record : Get Marc (ISO 2709) : E-mail record : QR code ปิดหน้าต่าง
E-books : เกี่ยวกับ Collections
LEADER 00000nam 2200000uu 4500
001    213446
003     ULIBM
008    230628s||||||||th 000 0 tha d
020    ^a978-616-572-241-4
040    ^abcnkk
041    ^atha
060 04 ^aWT155^bร924 2563
245 00 ^aโรคอัลไซเมอร์ :^bการดูแลแบบองค์รวมและประเด็นทางกฎหมาย =Alzheimers disease : holistic care and legal issues /^cบรรณาธิการ, มณี ภิญโญพรพาณิชย์, กนกพร ภิญโญพรพาณิชย์, อธิวัฒน์สุนทรพันธ์
246 31 ^aAlzheimers disease :^bholistic care and legal issues
250    ^aพิมพ์ครั้งที่ 2
260    ^aกรุงเทพฯ :^bคณะแพทยศาสตร์ มหาวิทยาลัยเชียงใหม่,^c2563
300    ^axii, 254 หน้า ;^c25 ซม.
650  4 ^aความจำผิดปกติในวัยชรา
650  4 ^aภาวะสมองเสื่อม^xผู้ป่วย^xการดูแล
650  4 ^aโรคจิตเสื่อมวัยชรา
650  4 ^aโรคอัลไซเมอร์
700 0  ^aมณี ภิญโญพรพาณิชย์,^eบรรณาธิการ
700 0  ^aกนกพร ภิญโญพรพาณิชย์,^eบรรณาธิการ
700 0  ^aอธิวัฒน์ สุนทรพันธ์,^eบรรณาธิการ
710 2  ^aมหาวิทยาลัยเชียงใหม่.^bคณะแพทยศาสตร์
999    ^aใช้งานได้ทุกระบบ
รายการนี้ยังไม่มีแท็ก
คุณยังไม่ได้ล็อกอิน คุณสามารถมีกิจกรรมร่วมกับเว็บไซต์ได้ แต่ต้องล็อกอินก่อน ::
  ล็อกอิน
ลำดับที่ ประเภท เลขเรียก สถานที่ สถานะ
1. การพยาบาล (ตำราหลัก)
การพยาบาล (ตำราหลัก)
WT155 ร924 2563 ฉ.1 
  
การพยาบาลผู้สูงอายุ On Shelf
  ขอยืม
Note:จัดซื้อปีงบฯ 2564
2. การพยาบาล (ตำราหลัก)
การพยาบาล (ตำราหลัก)
WT155 ร924 2563 ฉ.2 
  
การพยาบาลผู้สูงอายุ On Shelf
  ขอยืม
Note:จัดซื้อปีงบฯ 2564
   [แสดง 2/2 รายการ]

รายการใกล้เคียง
    หัวเรื่อง [ความจำผิดปกติในวัยชรา]
    หัวเรื่อง [โรคจิตเสื่อมวัยชรา]
    หัวเรื่อง [โรคอัลไซเมอร์]

BibComment


ยังไม่เคยถูกคอมเมนท์

คอมเมนท์ทรัพยากรรายการนี้
  คอมเมนท์: โรคอัลไซเมอร์ ก..
Bib 213446

 
 
 

 Union Library Management : ULibM
Copyright 2026. All Rights Reserved.
скачать бесплатно без регистрации порно красивый секс HD Sex Hindi sex

xxx gou

xxxx

bfxxx

xxxwww

Секса Видео

xxxx

Секса Видео

detube

geilexxx

C99 Shell

worms shell

blod xxx video
Ebony Coed Rihanna Rimes Takes A Dick In Her Young Twat priyaa indian fuck anal and pusssy hardcore indian women xxx desi hardcore fucking part 1 bengalixxxcouple